000 02124nam a2200565 i 4500
001 41740
003 KOSZ 005
005 20210609111757.0
008 200507s2001 pl a f f 000 0 pol
015 _aUWD 2002/1874
020 _a8388840096
035 _a991017557549705066
035 _a(PL-WaBN)b14748423-48omnis_nlop
035 _ab14748423
035 _a(OCoLC)749157897
035 _a(PL)b0000001474842
035 _a(EXLNZ-48OMNIS_NETWORK)9910126677005606
040 _aWA N
_cWA N
_dKOSZ 005/RW
041 0 _apol
_beng
046 _k2001
080 _a332.834
080 _a(075.8)
100 1 _aBryx, Marek
_d(1953- )
_eAutor
245 1 0 _aFinansowanie inwestycji mieszkaniowych /
_cMarek Bryx.
260 _aWarszawa :
_b"Poltext",
_c2001.
300 _a191, [1] stron :
_bilustracje ;
_c24 cm.
336 _aTekst
_btxt
_2rdacontent
337 _aBez urządzenia pośredniczącego
_bn
_2rdamedia
338 _aWolumin
_bnc
_2rdacarrier
380 _aKsiążki
380 _aPublikacje dydaktyczne
380 _aPublikacje fachowe
388 _a2001-
490 1 _aNieruchomości
504 _aBibliografia, wykaz aktów prawnych na stronach 181-[188].
521 8 _aKsiążka adresowana jest do szerokiego kręgu odbiorców: osób poszukujących możliwości pozyskania mieszkania, członków i działaczy spółdzielni, polityków, władz centralnych i lokalnych, inwestorów i zarządców a także wykładowców i studentów specjalizujących się w dziedzinie nieruchomości.
546 _aStreszczenie w języku angielskim.
650 7 _aBudownictwo mieszkaniowe
_2DBN
650 7 _aInwestycje
650 7 _aFinanse
651 7 _aPolska
655 7 _aPodręczniki akademickie
_2DBN
658 _aGospodarka, ekonomia, finanse
658 _aArchitektura i budownictwo
710 2 _aWydawnictwo Poltext
_4pbl
830 0 _aNieruchomości - Poltext
856 _uhttp://koha.tu.koszalin.pl/cgi-bin/koha/opac-detail.pl?biblionumber=41740
_yKatalog online BPK
942 _2UKD
_cKS
999 _c41740
_d41740